New law in Christ / (Record no. 143084)

MARC details
000 -LEADER
fixed length control field 00565nam a22001817a 4500
005 - DATE AND TIME OF LATEST TRANSACTION
control field 20170804152347.0
010 ## - LCCN (DPL NO)
LC control number ENG-119530
020 ## - INTERNATIONAL STANDARD BOOK NUMBER
Terms of availability 125.00
International Standard Book Number 9788184655421
035 ## - SYSTEM CONTROL NUMBER
System control number EN-103062
037 ## - SOURCE OF ACQUISITION
Source of stock number/acquisition DBAD/PUB
082 ## - DEWEY DECIMAL CLASSIFICATION NUMBER
Classification number 280.23
100 ## - MAIN ENTRY--PERSONAL NAME
Personal name Panmei,Daisok
245 ## - TITLE STATEMENT
Title New law in Christ /
Statement of responsibility, etc by Daisok Panmei
260 ## - PUBLICATION, DISTRIBUTION, ETC. (IMPRINT)
Place of publication, distribution, etc Delhi
Name of publisher, distributor, etc The Indian Society for Promoting Christian Knowlewdge(ISPCK))
Date of publication, distribution, etc 2016
270 ## - ADDRESS
Address 1585,1654 Madarsa Road Kashmere Gate
City Delhi
Postal code 110006
300 ## - PHYSICAL DESCRIPTION
Extent xviii,105p.
Dimensions 23cm(pbk)
942 ## - ADDED ENTRY ELEMENTS (KOHA)
Source of classification or shelving scheme Dewey Decimal Classification
Item type English Books
Call number suffix PAN
Classification part 280.23
Holdings
Withdrawn status Lost status Not for loan Collection code Home library Current library Date acquired Source of acquisition Cost, normal purchase price Full call number Barcode Copy number Cost, replacement price Koha item type
      Non-fiction Central Jail Tihar Central Jail Tihar 02/08/2017 DBAD/PUB 125.00 280.23 PAN EN-103062 1 125.00 English Books

© Delhi Public Library
Hit Counter
free hit counter